Internet : Mạng lưới xã hội và sự thể hiện bản sắc
Quyến sách viết về sự phát triển của internet và sự tác động của nó đến đời sống xã hội.
Salvato in:
| Autore principale: | |
|---|---|
| Natura: | Libro |
| Lingua: | Undetermined |
| Pubblicazione: |
Hà Nội
Khoa học - Xã hội
2013
|
| Soggetti: | |
| Tags: |
Aggiungi Tag
Nessun Tag, puoi essere il primo ad aggiungerne! !
|
| Thư viện lưu trữ: | Trung tâm Học liệu Trường Đại học Cần Thơ |
|---|
| LEADER | 00869nam a2200217Ia 4500 | ||
|---|---|---|---|
| 001 | CTU_211008 | ||
| 008 | 210402s9999 xx 000 0 und d | ||
| 020 | |c 74000 | ||
| 082 | |a 302.2308 | ||
| 082 | |b Ch120 | ||
| 100 | |a Nguyễn, Thị Phương Châm | ||
| 245 | 0 | |a Internet : | |
| 245 | 0 | |b Mạng lưới xã hội và sự thể hiện bản sắc | |
| 245 | 0 | |c Nguyễn Thị Phương Châm | |
| 260 | |a Hà Nội | ||
| 260 | |b Khoa học - Xã hội | ||
| 260 | |c 2013 | ||
| 520 | |a Quyến sách viết về sự phát triển của internet và sự tác động của nó đến đời sống xã hội. | ||
| 650 | |a Mass media,Phương tiện truyền thông đại chúng | ||
| 904 | |i Trương Thị Kiều Trinh,Hải | ||
| 980 | |a Trung tâm Học liệu Trường Đại học Cần Thơ | ||